000 00593nam a2200241 a 4500
001 nice12345678
003 IN_TiNIC
005 20260116011331.0
008 050524s1910 egya grp 000 0 ara
020 _a
_c100
082 0 0 _a892.73
_bAZM
100 _aAzmi, Abdul Haq
245 _aAl-Arab Wal Arabiyat
260 _aEgypt
_bMaktaba-E-ilmia
_c1910
300 _a40p
500 _aincludes index and biblioraphy
505 2 _a12 Volumes in Bounded in Six Volumes
650 _aArabic-Literature
700 1 _aAzmi, Abdul Haq
902 _bSRS
942 _cBK
999 _c600
_d600